Распоряжение ГКО СССР № 6025 об оказании помощи Главвоенпромстрою на строительстве метизного филиала Сталинградского тракторного...

RUSMARC
00005850cbm0a2200349#x 450
00149d9a880-f440-4e83-92c5-d6daa973d254
00520251209152806.0
100##$a20251208j19440608k###0rusy50 ca
1010#$arus
102##$aRU
105##$ay###z########
1220#$ad19440608##
2001#$aРаспоряжение ГКО СССР № 6025 об оказании помощи Главвоенпромстрою на строительстве метизного филиала Сталинградского тракторного завода, с приложением докладной записки Ордынцева Г. А. Поскребышеву А. Н.
$j8 июня 1944 г.
251##$cДокумент
300##$aРассылочный и подлинный экземпляры
461#0$12001
$aФ. 644
$1251
$cФонд
$1852
$j644
462#0$12001
$aОп. 1
$1251
$cОпись
$1852
$j1
60101$2nlr_sh
$3RU\NLR\AUTH\6601614128
$aСССР
$bГосударственный Комитет Обороны
$xИстория
$z1941 - 1945
$jДокументы и материалы
60102$2nlr_sh
$3RU\NLR\AUTH\661481960
$aСталинградский тракторный завод
$xИстория
$jДокументы и материалы
605##$2prlib_sh
$3LIBNET\UAF\0000088514
$aВторая мировая война в архивных документах (Комплекс оцифрованных архивных документов, кино- и фотоматериалов)
$lколлекция
605##$2acquisition_Prlib
$3DITM\AF\0000002775
$aВласть
$lколлекция
6061#$2prlib_sh
$3LIBNET\UAF\0000110530
$aВеликая Отечественная война
$z1941 - 1945
$xОсвобожденные районы
$xВосстановление
$jДокументы и материалы
6061#$2nlr_sh
$3RU\NLR\AUTH\661323374
$aПромышленность
$xИстория
$yСССР
$z1941 - 1945
$jДокументы и материалы
607##$2nlr_sh
$3RU\NLR\AUTH\661478328
$aСталинград, город
$xВосстановление
$z1943 - 1951
$jДокументы и материалы
686##$a63.3(2)622-2ю1
$vLBC/M
$2rubbk
686##$a65.03(2Рос-2Вог)622ю1
$vLBC/M
$2rubbk
686##$a65.305.483-03ю1
$vLBC/M
$2rubbk
801#0$aRU
$bПБ им. Б.Н. Ельцина
$c20251208
801#1$aRU
$bПБ им. Б.Н. Ельцина
$c20251208
$2rusmarc
801#2$aRU
$bПБ им. Б.Н. Ельцина
$c20251209
$2rusmarc
850##$aРоссийский государственный архив социально-политической истории
852##$aРГАСПИ
$jД. 263. Л. 25-26об.; Оп. 2. Д. 342. Л. 91, 93-93об.
035##$aLIBNET\0001517901
937##$d198281298
$hФедеральное архивное агентство
8564#$uhttp://readingroom.main.prlib.ru/item.aspx?id_node=n198281298&mode=full
Формат отображения